Parole italiane che derivano dal portoghese - Statistics

Statistiche generali
  • Questo quiz è stato fatto 64 volte
  • Il punteggio medio è 7 su 10
Statistiche sulle risposte
Indizio Parola % Corretto
Frutto dalla dolce polpa bianca, dalla forma allungata e dalla buccia gialla. Banana
88%
Veliero dell'età moderna, protagonista della stagione delle esplorazioni geografiche. Cristoforo Colombo ne usò tre nel corso del suo primo viaggio verso le Americhe. Caravella
86%
Conserva dolce ottenuta dalla cottura della polpa di frutta zuccherata, poi lasciata raffreddare e riposta in vasetti di vetro. Marmellata
82%
Sobborgo degradato, fatto di baracche instabili e senza servizi igienico-sanitari, che si trova attorno alle grandi città. Il termine si usa soprattutto per indicare le periferie delle città latinoamericane. Favela
78%
Funzionario dell'impero cinese o piccolo agrume giallo-arancione. Mandarino
76%
Piccolo roditore; più in generale, animale utilizzato in laboratorio per degli esperimenti. Cavia
71%
Stile artistico e letterario, diffusosi soprattutto nel XVII secolo, basato sull'ornamento e sull'esagerazione. Barocco
69%
Gruppo sociale chiuso, come quelli sui quali si strutturava la società indiana. Casta
69%
Grosso felino maculato, anche detto "leopardo d'America", che popola il continente americano, e in particolare l'area amazzonica. Giaguaro
61%
Genere di scimmie africane; una colonia famosa vive anche a Gibilterra. Macaco
51%
Nessun quiz corrispondente trovato
Distribuzione punteggi
Percentuale di utenti per punteggio
Percentile per numero di risposta
I tuoi punteggi nel tempo
Non hai fatto questo quiz